| 000 | 00838nam a22002417a 4500 | ||
|---|---|---|---|
| 005 | 20150812150135.0 | ||
| 010 | _aENG-113611 | ||
| 020 |
_c695.00 _a9788125055037 |
||
| 035 | _aEN-97143 | ||
| 037 | _bDBAD/PUB | ||
| 082 | _a344.54046 | ||
| 100 | _aSahu, Geetanjoy | ||
| 245 |
_aEnvironmental jurisprudence and the Supreme Court : _cby Geetanjoy Sahu _blitigation, interpretation, implementation / |
||
| 260 |
_aNew Delhi _bOrient Blackswan _c2014 |
||
| 270 |
_a1/24 Asaf Ali Road _bNew Delhi _e110002 |
||
| 300 |
_axviii,323p. _c23cm(Hb) |
||
| 500 | _aIncludes bibliographical references and index | ||
| 500 | _a "Tata Institute of Social Sciences." | ||
| 610 |
_a India. _bSupreme Court. |
||
| 650 |
_aEnvironmental law _zIndia. |
||
| 650 |
_aEnvironmental policy _zIndia. |
||
| 942 |
_2ddc _cEN _mSAH _h344.54046 |
||
| 999 |
_c95105 _d95105 |
||